Rosa dei Venti - Statistics

Statistiche generali
  • Questo quiz è stato fatto 32 volte
  • Il punteggio medio è 18 su 21
Statistiche sulle risposte
Rosa dei venti Rosa dei venti Rosa dei venti Rosa dei venti Rosa dei venti Rosa dei venti Rosa dei venti % Corretto
Maestrale
97%
Scirocco
90%
Libeccio
87%
Tramontana Tramontana
87%
Tramontana
87%
Nord Tramontana
87%
Maestrale Grecale Tramontana
87%
Nord-Ovest Nord-Est Tramontana
87%
Tramontana
87%
Tramontana
87%
Tramontana
87%
Tramontana
87%
Sud-Ovest Sud-Est Tramontana
87%
Libeccio Scirocco Tramontana
87%
Tramontana
87%
Sud Tramontana
87%
Ostro Tramontana
87%
Grecale
80%
Ponente Ovest Est Levante
77%
Ponente
77%
Ostro
60%
Nessun quiz corrispondente trovato
Distribuzione punteggi
Percentuale di utenti per punteggio
Percentile per numero di risposta
I tuoi punteggi nel tempo
Non hai fatto questo quiz